Datum a čas kvízu
31
Celkem bodů
Celkový počet nahraných bodů na tomto kvízu bez doplňovacích otázek.
3.
Pořadí na kvízu
Konečné umístění týmu na tomto kvízu.
Zaznamenané odpovědi
| # | Otázka | Odpověď | Body | Výsledky |
|---|---|---|---|---|
| 1. | V posledních týdnech se do Čes... | spalničky | 0 | |
| 2. | Po skandálu s udělením milosti... | Maďarsko | 1 | |
| 3. | Angličan Paul Gibbons tvrdí, ž... | tank | 1 | |
| 4. | V sobotu začal čínský nový rok... | znamení Draka | 1 | |
| 5. | Který útočník minulý týden dok... | Martin Nečas. | 1 | |
| 6. | Vítězné téma facebookového hla... | 1A 2D 3C 4B | 0 | |
| 7. | Dne 18. dubna 1997 byli odsouz... | Orličtí vrazi | 1 | |
| 8. | Devadesátkovou klasikou je fil... | Fuck Off Guys Good Day | 0 | |
| 9. | V roce 1994 vyšel první díl he... | Tekken | 1 | |
| 10. | Ke kterému městu se v souvislo... | Vsetín | 1 |